| 000 | 00000nam##2200000za#4500 |
| 001 | 9.662509 |
| 003 | CaOODSP |
| 005 | 20200401064327 |
| 007 | ta |
| 008 | 150407|2001||||xxc||||| f|0| 0 eng|d |
| 020 | |a0-662-65483-8 |
| 040 | |aCaOODSP|beng |
| 041 | |aeng |
| 041 | |afre |
| 043 | |an-cn--- |
| 086 | 1 |aFs23-329/2001 |
| 110 | 1 |aCanada. |bDepartment of Fisheries and Oceans. |
| 245 | 10|aBuilding awareness and capacity : |ban action plan for continued sustainable development, 2001-2003 |
| 260 | |aOttawa - Ontario : |bFisheries and Oceans Canada |c2001. |
| 300 | |aEnglish text, vi, 58p. ; |c28 cm. |
| 546 | |aBilingual |
| 563 | |aSoftcover |
| 590 | |a01-13|b2001-03-30 |
| 690 | 07|aEnvironmental management|2gcpds |
| 690 | 07|aNatural resources|2gcpds |
| 690 | 07|aMarine ecosystems|2gcpds |
| 776 | 0#|tAccroître la sensibilisation et la capacité : |w(CaOODSP)9.630576 |
| 776 | 0#|tBuilding awareness and capacity : |w(CaOODSP)9.686008 |
| 792 | |tAccroître la sensibilisation et la capacité : |efre|w(CaOODSP)9.662510 |